Automatización del AR Coater (I parte)

Gespeichert in:
Bibliographische Detailangaben
1. Verfasser: Chavarría Jiménez, Elizabeth
Format: Abschlussarbeit Buch
Veröffentlicht: vii, 108, [8] hojas : ilustraciones 2003
Schlagworte:
Tags: Tag hinzufügen
Keine Tags, Fügen Sie den ersten Tag hinzu!

MARC

LEADER 00000nam a2200000Ia 4500
003 009189
005 20221231144146.0
008 140114s2003 cr a m 000 ||s d
040 |c cru CEDI 
090 |a TFG 4730 
100 |a Chavarría Jiménez, Elizabeth   |9 6931 
245 |a Automatización del AR Coater (I parte)  
260 |c 2003  |a  vii, 108, [8] hojas : ilustraciones  
300 |a  vii, 108, [8] hojas : ilustraciones  
500 |a  Proyecto de graduación (bachillerato en ingeniería eléctrica)--Universidad de Costa Rica. Facultad de Ingeniería. Escuela de Ingeniería Eléctrica 
502 |a Escuela de ingenieria Electrica 
650 |x SISTEMAS DE TRANSMISION DE DATOS   |x INTERFASES CON EL USUARIO (SISTEMA PARA COMPUTADORA)   |x CIRCUITOS DE INTERFAZ   |x PELICULAS DELGADAS   |x ESPECTROSCOPIA DE INFRARROJOS  |9 6932 
942 |c TFG 
999 |c 17751  |d 17751